Statistics for Countries With Most Hindu Population

Click here to take the quiz!

General Stats

  • This quiz has been taken 48 times
  • The average score is 4 of 9

Answer Stats

Answer% Correct
India
100%
Nepal
93%
Bhutan
63%
Fiji
49%
Trinidad And Tobago
35%
Guyana
30%
Mauritius
28%
Suriname
23%
United Arab Emirates
21%

Score Distribution

Percentile by Number Answered

Percent of People with Each Score

Your Score History

You have not taken this quiz